000 00316nam a2200109Ia 4500
008 171211s9999 xx 000 0 und d
245 _aManly Art: They Can Run—But They Can't Hide
245 _cGeorge Kimball
260 _c2011
650 _xMartial Arts
856 _uhttp://down.ebook777.com/053/9781590135716.pdf
999 _c348256
_d348256